[Event "Weekend Festa della Repubblica A"]
[Site "Milano ITA"]
[Date "2012.05.31"]
[Round "1"]
[White "Beccari, Paolo"]
[Black "Virzi, Ettore"]
[Result "1/2-1/2"]
[WhiteElo "1807"]
[BlackElo "1943"]
[PlyCount "64"]
[EventDate "2012.05.31"]

1. e4 e5 2. Nf3 Nc6 3. Bb5 a6 4. Ba4 Nf6 5. O-O b5 6. Bb3 Bc5 7. d3 O-O 8. a4
Rb8 9. Nc3 h6 10. a5 d6 11. h3 Bb7 12. Nd5 Nxd5 13. Bxd5 Qf6 14. Be3 Ne7 15.
Bxb7 Rxb7 16. Bxc5 dxc5 17. Nd2 Qd6 18. Qe2 Rbb8 19. Nb3 Nc6 20. c3 b4 21. Qc2
Rb5 22. Rfd1 bxc3 23. bxc3 Rfb8 24. Nd2 Nxa5 25. Rxa5 Rb2 26. Qa4 Qxd3 27. Nc4
Rb1 28. Rxb1 Rxb1+ 29. Kh2 Qxc3 30. Rxa6 Rh1+ 31. Kxh1 Qc1+ 32. Kh2 Qf4+
1/2-1/2

[Event "Weekend Festa della Repubblica A"]
[Site "Milano ITA"]
[Date "2012.05.31"]
[Round "1"]
[White "Bisignano, Giuseppe"]
[Black "Bonazzi, Edoardo"]
[Result "1-0"]
[WhiteElo "1877"]
[BlackElo "2139"]
[PlyCount "77"]
[EventDate "2012.05.31"]

1. e4 c6 2. Nc3 d5 3. d4 dxe4 4. Nxe4 Bf5 5. Ng3 Bg6 6. Nf3 Nd7 7. Bd3 Ngf6 8.
O-O e6 9. Qe2 Bd6 10. Bd2 Qc7 11. c4 Bxd3 12. Qxd3 O-O 13. Bc3 Rfd8 14. Ne4
Nxe4 15. Qxe4 Nf6 16. Qe2 Be7 17. Rad1 Rab8 18. Rfe1 b5 19. b3 bxc4 20. bxc4
Bb4 21. Bxb4 Rxb4 22. Ne5 h6 23. Rd3 Qb7 24. Qf3 Rc8 25. g4 c5 26. d5 exd5 27.
cxd5 c4 28. Rd4 c3 29. Rxb4 Qxb4 30. Nc6 Rxc6 31. dxc6 c2 32. Rc1 Qd2 33. Qe3
Qd1+ 34. Kg2 Qxg4+ 35. Qg3 Qd1 36. c7 Qd5+ 37. f3 Qc6 38. Qe5 Nd5 39. c8=Q+ 1-0

[Event "Weekend Festa della Repubblica A"]
[Site "Milano ITA"]
[Date "2012.05.31"]
[Round "1"]
[White "Bosi, Clint"]
[Black "Villalba, Fernando"]
[Result "1/2-1/2"]
[WhiteElo "2045"]
[BlackElo "1862"]
[PlyCount "115"]
[EventDate "2012.05.31"]

1. f4 d5 2. Nf3 g6 3. g3 Bg7 4. Bg2 Nf6 5. O-O O-O 6. d3 c5 7. c3 Nc6 8. Na3 a6
9. Nh4 b5 10. e4 dxe4 11. dxe4 Qb6 12. Qe2 Bg4 13. Qf2 Bc8 14. h3 b4 15. Nc2
Bb7 16. Be3 Nd7 17. Rad1 Rad8 18. e5 bxc3 19. bxc3 Na5 20. Bxb7 Nxb7 21. Nb4
Qe6 22. Nd5 Nxe5 23. Nc7 Qc6 24. Rxd8 Nxd8 25. Nxa6 Nd3 26. Nb8 Nxf2 27. Nxc6
Nxh3+ 28. Kh2 Nxc6 29. Kxh3 c4 30. Rc1 Ra8 31. Rc2 Ra3 32. Bd2 Na7 33. Nf3 Nb5
34. Ne5 Nd6 35. Bc1 Ra8 36. Kg2 Bxe5 37. fxe5 Ne4 38. Kf3 Nc5 39. Bf4 Kg7 40.
Ke3 Ne6 41. Ke4 Ra5 42. Be3 f5+ 43. exf6+ exf6 44. Rb2 g5 45. Bd4 Kg6 46. g4
Nxd4 47. Kxd4 Ra4 48. Rh2 f5 49. gxf5+ Kxf5 50. Rxh7 Rxa2 51. Kxc4 Kg6 52. Rh8
Kg7 53. Rh1 g4 54. Kd5 g3 55. Rg1 g2 56. Ke4 Rc2 57. Kf3 Rxc3+ 58. Kxg2 1/2-1/2

[Event "Weekend Festa della Repubblica A"]
[Site "Milano ITA"]
[Date "2012.05.31"]
[Round "1"]
[White "Cazzaniga, Walter"]
[Black "D'Avino, Luca"]
[Result "1-0"]
[WhiteElo "2119"]
[BlackElo "1869"]
[PlyCount "61"]
[EventDate "2012.05.31"]

1. d4 Nf6 2. c4 c5 3. d5 e6 4. Nc3 exd5 5. cxd5 d6 6. Nf3 g6 7. e4 Bg7 8. h3
O-O 9. Bd3 Re8 10. O-O b6 11. Re1 Ba6 12. a4 Bxd3 13. Qxd3 a6 14. Bf4 Nh5 15.
Bh2 Bh6 16. e5 dxe5 17. Nxe5 Bf4 18. Bxf4 Nxf4 19. Qf3 Qg5 20. d6 Nxh3+ 21.
Qxh3 Rxe5 22. Qc8+ Kg7 23. d7 Rxe1+ 24. Rxe1 Qd2 25. Rd1 Nxd7 26. Qxa8 Qxb2 27.
Qf3 Ne5 28. Qg3 Nc6 29. Kh2 Nd4 30. Qe5+ Kh6 31. Rd3 1-0

[Event "Weekend Festa della Repubblica A"]
[Site "Milano ITA"]
[Date "2012.05.31"]
[Round "1"]
[White "Coppola, Federico"]
[Black "Cattaneo, Marco"]
[Result "0-1"]
[WhiteElo "1853"]
[BlackElo "2009"]
[PlyCount "48"]
[EventDate "2012.05.31"]

1. e4 Nf6 2. e5 Nd5 3. c4 Nb6 4. d4 d6 5. f4 g6 6. h3 Bg7 7. Nf3 O-O 8. Nc3
N6d7 9. Be2 c5 10. exd6 exd6 11. O-O Nc6 12. dxc5 Nxc5 13. Be3 Re8 14. Bf2 Bf5
15. Nd4 Nxd4 16. Bxd4 Ne4 17. Bxg7 Kxg7 18. Nxe4 Rxe4 19. Qd2 Qb6+ 20. Kh2 Rae8
21. Bf3 Rxc4 22. b3 Rc2 23. Qd5 Qb4 24. Bd1 Be4 0-1

[Event "Weekend Festa della Repubblica A"]
[Site "Milano ITA"]
[Date "2012.05.31"]
[Round "1"]
[White "D'Avino, Gianfranco"]
[Black "Guzzetti, Luigi Enrico"]
[Result "1-0"]
[WhiteElo "1843"]
[BlackElo "1965"]
[PlyCount "79"]
[EventDate "2012.05.31"]

1. d4 Nf6 2. c4 g6 3. Nc3 Bg7 4. e4 d6 5. Nf3 O-O 6. Be2 c6 7. h3 Qc7 8. Be3
Nbd7 9. O-O Re8 10. Qd2 a6 11. Rac1 c5 12. Rfd1 cxd4 13. Bxd4 Nc5 14. Qe3 e5
15. Nxe5 Rxe5 16. Bxe5 dxe5 17. Nd5 Qa5 18. b4 Nxd5 19. Rxd5 Qxb4 20. Qxc5 Qxc5
21. Rxc5 Bd7 22. Ra5 Bc6 23. Bf3 f6 24. Ra3 Rd8 25. Rac3 Rd4 26. Re1 h5 27.
Ree3 Bh6 28. Red3 Bxe4 29. Bxe4 Rxe4 30. Rd8+ Kf7 31. Rd7+ Ke6 32. Rxb7 a5 33.
Rb6+ Ke7 34. Ra6 Bf4 35. g3 Bd2 36. Rc2 Rd4 37. c5 Kd7 38. c6+ Kc7 39. Ra7+ Kc8
40. c7 1-0

[Event "Weekend Festa della Repubblica A"]
[Site "Milano ITA"]
[Date "2012.05.31"]
[Round "1"]
[White "Gozzini, Giambattista"]
[Black "Bemporad, Filippo"]
[Result "0-1"]
[WhiteElo "1865"]
[BlackElo "2078"]
[PlyCount "82"]
[EventDate "2012.05.31"]

1. e4 c5 2. Nf3 d6 3. Bb5+ Bd7 4. Bxd7+ Qxd7 5. O-O Nc6 6. c3 Nf6 7. Re1 e6 8.
d4 d5 9. e5 Ne4 10. Ng5 Nxg5 11. Bxg5 Be7 12. Bxe7 Qxe7 13. Na3 O-O 14. Nc2
Rac8 15. a3 cxd4 16. Nxd4 Nxd4 17. Qxd4 a6 18. Re3 Rc4 19. Qd3 Rfc8 20. Rd1 h6
21. g3 b5 22. Qe2 a5 23. Rd4 Rxd4 24. cxd4 Rc4 25. Qd2 Qc7 26. Rc3 b4 27. axb4
axb4 28. Rb3 Qb6 29. Rd3 Qa7 30. Qe3 Qa1+ 31. Kg2 Qxb2 32. Qd2 Rc2 33. Qe1 Rc4
34. Qd1 Qc2 35. Qxc2 Rxc2 36. Kf3 Kf8 37. Rb3 Rc4 38. Ke3 Ke7 39. Rb1 Kd7 40.
Ra1 Kc6 41. Ra7 b3 0-1

[Event "Weekend Festa della Repubblica A"]
[Site "Milano ITA"]
[Date "2012.05.31"]
[Round "1"]
[White "Motola, Jacopo"]
[Black "Gemelli, Giovanni"]
[Result "0-1"]
[WhiteElo "1937"]
[BlackElo "1783"]
[PlyCount "84"]
[EventDate "2012.05.31"]

1. Nf3 Nf6 2. g3 g6 3. Bg2 Bg7 4. d3 d5 5. Nbd2 O-O 6. O-O c5 7. c4 d4 8. b3
Nc6 9. Bb2 Qc7 10. Ne1 Bd7 11. Nc2 e5 12. a3 Rab8 13. b4 b6 14. Rb1 Rfe8 15.
Ba1 Bf5 16. b5 Nd8 17. Ne4 Bxe4 18. Bxe4 Nxe4 19. dxe4 Nb7 20. Qd3 Nd6 21. f3
Qb7 22. Rbd1 a6 23. a4 axb5 24. axb5 Ra8 25. Bb2 Ra4 26. Na3 Rea8 27. Ra1 Rb4
28. Bc1 Nxc4 29. Nc2 Rxa1 30. Nxb4 Nd6 31. Nc2 c4 32. Qd2 c3 33. Qd3 Ra5 34.
Ba3 Qd7 35. Bb4 Ra4 36. Bxd6 Qxd6 37. Rb1 Qc5 38. Kf2 Ra2 39. Ra1 Rxc2 40. Ra8+
Bf8 41. Kg2 Rd2 42. Qb1 c2 0-1

[Event "Weekend Festa della Repubblica A"]
[Site "Milano ITA"]
[Date "2012.05.31"]
[Round "1"]
[White "Pelizzola, Danilo"]
[Black "Marchini, Daniele"]
[Result "1-0"]
[WhiteElo "2005"]
[BlackElo "1846"]
[PlyCount "89"]
[EventDate "2012.05.31"]

1. e4 c5 2. Nf3 d6 3. Bb5+ Bd7 4. Bxd7+ Qxd7 5. O-O Nc6 6. Nc3 g6 7. b3 Bg7 8.
Bb2 e6 9. Re1 Nge7 10. Na4 Bxb2 11. Nxb2 O-O 12. d4 cxd4 13. Nxd4 Rfd8 14. c4
Rac8 15. Rc1 d5 16. exd5 exd5 17. c5 Nxd4 18. Qxd4 Nf5 19. Qf4 Ng7 20. Nd3 Ne6
21. Qf6 Qb5 22. Ne5 Qe8 23. Nxf7 Qxf7 24. Qxe6 Qxe6 25. Rxe6 b6 26. b4 d4 27.
Re2 bxc5 28. bxc5 Rd5 29. c6 Rc7 30. Kf1 d3 31. Rd2 Kf7 32. Rc3 Ke6 33. Ke1 Kd6
34. Rdxd3 Rxd3 35. Rxd3+ Kc5 36. Rd7 Kxc6 37. Rxc7+ Kxc7 38. Kd2 Kb6 39. f4 Kb5
40. Kd3 Kc5 41. g4 Kd5 42. Ke3 a5 43. a4 h5 44. h3 h4 45. Kd3 1-0

[Event "Weekend Festa della Repubblica A"]
[Site "Milano ITA"]
[Date "2012.05.31"]
[Round "1"]
[White "Pierandrei, Cristiano"]
[Black "Franceschetti, Nando"]
[Result "1-0"]
[WhiteElo "1955"]
[BlackElo "1842"]
[PlyCount "143"]
[EventDate "2012.05.31"]

1. Nf3 Nf6 2. c4 e6 3. g3 c6 4. d4 d5 5. Qc2 Be7 6. Bg2 Nbd7 7. O-O O-O 8. Nbd2
Rb8 9. e4 dxe4 10. Nxe4 Nxe4 11. Qxe4 Nf6 12. Qc2 Bd7 13. Bf4 Rc8 14. Qa4 a5
15. c5 Nd5 16. Bd2 Ra8 17. h4 h6 18. Ne5 Nf6 19. Rfd1 Be8 20. Be3 Nd5 21. Qc4
f6 22. Nd3 Bh5 23. Re1 Bf7 24. Qc1 Re8 25. Bd2 Bf8 26. Qd1 Qd7 27. h5 Nc7 28.
Qg4 Kh8 29. Rad1 a4 30. a3 Nb5 31. Bc3 Nxc3 32. bxc3 Qc7 33. f4 Qa5 34. Rc1
Rad8 35. Re3 Qb5 36. Qe2 Qb3 37. Ne5 fxe5 38. c4 Bxh5 39. Bf3 Qxe3+ 40. Qxe3
exd4 41. Qd3 Bxf3 42. Qxf3 d3 43. Rd1 Bxc5+ 44. Kg2 d2 45. Qc3 Be7 46. Qb2 Rd3
47. Qxb7 Bxa3 48. Qxc6 Red8 49. Qxa4 Re3 50. Qa5 Rdd3 51. Rxd2 Rxg3+ 52. Kf1
Rdf3+ 53. Rf2 Rb3 54. Qa8+ Kh7 55. Qe4+ Kh8 56. Rg2 Rbf3+ 57. Ke2 Re3+ 58. Qxe3
Rxe3+ 59. Kxe3 Bc5+ 60. Ke4 Kg8 61. Ke5 Kf7 62. Rb2 Be3 63. Rb7+ Kg6 64. Re7 h5
65. Rxe6+ Kf7 66. f5 h4 67. Kd5 Bf2 68. Ke4 Bc5 69. Kf3 Bb4 70. Kg4 Bd2 71.
Kxh4 g5+ 72. Kg4 1-0

[Event "Weekend Festa della Repubblica A"]
[Site "Milano ITA"]
[Date "2012.05.31"]
[Round "1"]
[White "Van Hoolandt, Patrick"]
[Black "Mouflih, Caesar Faycal"]
[Result "1-0"]
[WhiteElo "2139"]
[BlackElo "1982"]
[PlyCount "53"]
[EventDate "2012.05.31"]

1. d4 d5 2. c4 c6 3. cxd5 cxd5 4. Nf3 Nf6 5. Nc3 Nc6 6. Bf4 g6 7. Ne5 Qb6 8.
Nxc6 bxc6 9. Qd2 Qa5 10. e3 Ba6 11. b4 Qa3 12. Nb1 Qa4 13. Nc3 Qa3 14. b5 cxb5
15. Bxb5+ Bxb5 16. Nxb5 Qa4 17. Nc7+ Kd7 18. Nxa8 e5 19. O-O Bb4 20. Qb2 exf4
21. a3 Ba5 22. Qb7+ Kd6 23. Rfc1 Rxa8 24. Qxa8 Bb6 25. Qf8+ Ke6 26. Qb4 Qxb4
27. axb4 1-0

[Event "Weekend Festa della Repubblica A"]
[Site "Milano ITA"]
[Date "2012.05.31"]
[Round "1"]
[White "Zuliani, Francesco"]
[Black "Labarthe, Arnaud"]
[Result "1/2-1/2"]
[WhiteElo "1770"]
[BlackElo "1907"]
[PlyCount "73"]
[EventDate "2012.05.31"]

1. e4 d5 2. exd5 Nf6 3. d4 Bg4 4. f3 Bf5 5. Bb5+ Nbd7 6. c4 e6 7. dxe6 Bxe6 8.
Bxd7+ Nxd7 9. b3 Bb4+ 10. Kf1 O-O 11. Ne2 c5 12. d5 Qf6 13. dxe6 fxe6 14. Nbc3
Bxc3 15. Nxc3 Qxc3 16. Bd2 Qd3+ 17. Kf2 Qd4+ 18. Be3 Qh4+ 19. g3 Qf6 20. f4 Qe7
21. Kg2 Rad8 22. Qe2 b6 23. Rad1 e5 24. Bc1 e4 25. Bb2 Rfe8 26. Rhe1 Nb8 27.
Be5 Nc6 28. Qxe4 Nxe5 29. fxe5 Rxd1 30. Rxd1 Qxe5 31. Qxe5 Rxe5 32. Rd8+ Kf7
33. Rd7+ Re7 34. Rxe7+ Kxe7 35. Kf3 Kf6 36. Ke4 Ke6 37. Kf4 1/2-1/2

[Event "Weekend Festa della Repubblica A"]
[Site "Milano ITA"]
[Date "2012.06.01"]
[Round "2"]
[White "Bemporad, Filippo"]
[Black "Pierandrei, Cristiano"]
[Result "1/2-1/2"]
[WhiteElo "2078"]
[BlackElo "1955"]
[PlyCount "38"]
[EventDate "2012.05.31"]

1. d4 Nf6 2. Nf3 g6 3. c4 Bg7 4. Nc3 d5 5. cxd5 Nxd5 6. Bd2 O-O 7. e4 Nb6 8.
Be3 Bg4 9. Be2 Nc6 10. d5 Bxf3 11. gxf3 Ne5 12. Bd4 c6 13. f4 Ned7 14. Bxg7
Kxg7 15. Qd4+ Kg8 16. dxc6 bxc6 17. O-O-O Qc7 18. e5 Rfd8 19. e6 Nf6 1/2-1/2

[Event "Weekend Festa della Repubblica A"]
[Site "Milano ITA"]
[Date "2012.06.01"]
[Round "2"]
[White "Bisignano, Giuseppe"]
[Black "Pelizzola, Danilo"]
[Result "0-1"]
[WhiteElo "1877"]
[BlackElo "2005"]
[PlyCount "72"]
[EventDate "2012.05.31"]

1. e4 c5 2. Nc3 Nc6 3. d3 Nf6 4. g3 e6 5. Bg2 Be7 6. Nf3 d6 7. O-O Bd7 8. Re1
Rc8 9. d4 cxd4 10. Nxd4 a6 11. Nb3 b5 12. f4 Qc7 13. Be3 O-O 14. Rc1 Rfd8 15.
Qe2 Na5 16. Nd2 b4 17. Nd1 Bb5 18. Qf3 d5 19. e5 d4 20. Bf2 Ne8 21. Ne4 d3 22.
Be3 dxc2 23. Ndf2 b3 24. axb3 Nxb3 25. Bb6 Nd4 26. Bxd4 Rxd4 27. Ng4 Bd3 28.
Ngf2 Bxe4 29. Nxe4 Qb6 30. Qe3 Qxb2 31. Bf1 Bb4 32. Bxa6 Rcd8 33. Rf1 Rd1 34.
Nf2 Rxc1 35. Qxc1 Ba3 36. Nd3 Qb6+ 0-1

[Event "Weekend Festa della Repubblica A"]
[Site "Milano ITA"]
[Date "2012.06.01"]
[Round "2"]
[White "Bonazzi, Edoardo"]
[Black "Zuliani, Francesco"]
[Result "1/2-1/2"]
[WhiteElo "2139"]
[BlackElo "1770"]
[PlyCount "80"]
[EventDate "2012.05.31"]

1. c4 Nf6 2. g3 g6 3. Bg2 Bg7 4. Nc3 O-O 5. Nf3 d6 6. O-O e5 7. d3 Nbd7 8. Rb1
a5 9. a3 Nc5 10. b4 axb4 11. axb4 Ne6 12. Bb2 c6 13. Ra1 Rxa1 14. Qxa1 Qb6 15.
Na4 Qc7 16. c5 Nd7 17. cxd6 Qxd6 18. Nc5 Nexc5 19. bxc5 Qc7 20. Rc1 Re8 21. Nd2
Bf8 22. Nb3 f6 23. Qa7 Nb8 24. Ra1 Re7 25. e4 Be6 26. Qa4 Rd7 27. d4 Na6 28. d5
cxd5 29. c6 Rd8 30. exd5 Bxd5 31. Bxd5+ Rxd5 32. cxb7 Qxb7 33. Qc4 Kg7 34. Bc3
Nc5 35. Na5 Qf7 36. Rb1 Rd7 37. Qxf7+ Kxf7 38. Nc4 Ne4 39. Ba5 Bc5 40. Be1 Rc7
1/2-1/2

[Event "Weekend Festa della Repubblica A"]
[Site "Milano ITA"]
[Date "2012.06.01"]
[Round "2"]
[White "Cattaneo, Marco"]
[Black "Cazzaniga, Walter"]
[Result "1/2-1/2"]
[WhiteElo "2009"]
[BlackElo "2119"]
[PlyCount "101"]
[EventDate "2012.05.31"]

1. d4 Nf6 2. Nf3 g6 3. c4 Bg7 4. Nc3 d5 5. cxd5 Nxd5 6. e4 Nxc3 7. bxc3 O-O 8.
Rb1 c5 9. Be2 Nc6 10. d5 Bxc3+ 11. Bd2 Bxd2+ 12. Qxd2 Nd4 13. Nxd4 cxd4 14.
Qxd4 f5 15. O-O fxe4 16. d6 Rf6 17. Bc4+ Kg7 18. d7 Qxd7 19. Qxd7 Bxd7 20. Rxb7
Rd6 21. Re1 Kf6 22. Bb5 Bxb5 23. Rxb5 Rc8 24. Ra5 a6 25. Ra4 Re6 26. g3 Rc2 27.
Re3 g5 28. Rea3 Rcc6 29. Kf1 g4 30. Ke2 h5 31. Ke3 Kf5 32. Ra5+ Kg6 33. R5a4
Rf6 34. Kxe4 Rce6+ 35. Kd5 Rd6+ 36. Ke4 Rxf2 37. Ke3 Rf3+ 38. Ke4 Rxa3 39. Rxa3
Rf6 40. Ra5 Rb6 41. a4 e6 42. Ke5 Rc6 43. Kd4 Rc2 44. Re5 Rxh2 45. Rxe6+ Kf5
46. Rxa6 h4 47. Ra5+ Kf6 48. Ra6+ Ke7 49. Ra7+ Kd6 50. Ra6+ Kc7 51. gxh4
1/2-1/2

[Event "Weekend Festa della Repubblica A"]
[Site "Milano ITA"]
[Date "2012.06.01"]
[Round "2"]
[White "Corso, Gabriele"]
[Black "Gozzini, Giambattista"]
[Result "1/2-1/2"]
[WhiteElo "1800"]
[BlackElo "1865"]
[PlyCount "63"]
[EventDate "2012.05.31"]

1. e4 c6 2. d4 d5 3. Nc3 dxe4 4. Nxe4 Nd7 5. Bc4 Ngf6 6. Nxf6+ Nxf6 7. Nf3 Bf5
8. Qe2 e6 9. Bg5 Be7 10. O-O-O Nd5 11. Bxe7 Qxe7 12. Rhe1 Bg4 13. h3 Bxf3 14.
Qxf3 O-O 15. Kb1 Rfd8 16. c3 Qc7 17. Bd3 Qf4 18. Qe4 Qxe4 19. Bxe4 Rd7 20. g3
Rad8 21. Kc2 Kf8 22. f4 Ne7 23. Bf3 Nf5 24. g4 Nh4 25. Be4 Ng6 26. f5 exf5 27.
Bxf5 Re7 28. Rxe7 Nxe7 29. Bd3 Nd5 30. Kd2 Nf4 31. Rf1 Nxd3 32. Kxd3 1/2-1/2

[Event "Weekend Festa della Repubblica A"]
[Site "Milano ITA"]
[Date "2012.06.01"]
[Round "2"]
[White "D'Avino, Luca"]
[Black "Mondal, Prince"]
[Result "0-1"]
[WhiteElo "1869"]
[BlackElo "1812"]
[PlyCount "52"]
[EventDate "2012.05.31"]

1. d4 d5 2. c4 c6 3. Nf3 Nf6 4. Nc3 Bf5 5. cxd5 Nxd5 6. g3 Nd7 7. Nxd5 cxd5 8.
Bg2 e6 9. Nh4 Bg6 10. Nxg6 hxg6 11. O-O Bd6 12. e4 dxe4 13. Bxe4 Rb8 14. Re1
O-O 15. Qb3 Nf6 16. Bg5 Qa5 17. Bxf6 gxf6 18. Bxg6 Bb4 19. Bxf7+ Rxf7 20. Rxe6
Kg7 21. Re4 Rh8 22. Rg4+ Kf8 23. Rc1 Re7 24. Rc8+ Re8 25. Rxe8+ Kxe8 26. Qe6+
Be7 0-1

[Event "Weekend Festa della Repubblica A"]
[Site "Milano ITA"]
[Date "2012.06.01"]
[Round "2"]
[White "Gemelli, Giovanni"]
[Black "Van Hoolandt, Patrick"]
[Result "0-1"]
[WhiteElo "1783"]
[BlackElo "2139"]
[PlyCount "90"]
[EventDate "2012.05.31"]

1. e4 e5 2. Nf3 Nc6 3. d4 exd4 4. Nxd4 Nf6 5. Nxc6 bxc6 6. e5 Qe7 7. Qe2 Nd5 8.
c4 Nb6 9. g3 g6 10. b3 Bg7 11. Bb2 O-O 12. Bg2 Re8 13. f4 Bb7 14. O-O a5 15.
Ba3 d6 16. Re1 Qd7 17. Bb2 dxe5 18. fxe5 Bxe5 19. Bxe5 f6 20. Nc3 fxe5 21. Rad1
Qe7 22. Qe3 Kg7 23. Ne4 c5 24. Nxc5 Bxg2 25. Kxg2 a4 26. Nd3 axb3 27. axb3 Rad8
28. c5 Nd5 29. Qf2 Qf6 30. Qxf6+ Kxf6 31. Nb2 e4 32. Nc4 Re7 33. Kf2 c6 34. Ne3
Rb7 35. Nxd5+ Rxd5 36. Rxd5 cxd5 37. Re3 Ke5 38. c6 Rf7+ 39. Ke1 d4 40. Re2 d3
41. Ra2 e3 42. Ra5+ Kd6 43. Ra3 Kxc6 44. Ra8 e2 45. Kd2 Rf1 0-1

[Event "Weekend Festa della Repubblica A"]
[Site "Milano ITA"]
[Date "2012.06.01"]
[Round "2"]
[White "Labarthe, Arnaud"]
[Black "Bosi, Clint"]
[Result "0-1"]
[WhiteElo "1907"]
[BlackElo "2045"]
[PlyCount "140"]
[EventDate "2012.05.31"]

1. d4 f5 2. Nc3 Nf6 3. g4 d5 4. h3 Nc6 5. Bf4 a6 6. e3 fxg4 7. Be2 gxh3 8. Nxh3
Bf5 9. Ng5 e6 10. Bd3 Qd7 11. a3 O-O-O 12. Qe2 Bxd3 13. Qxd3 h6 14. Bg3 Bd6 15.
Bxd6 cxd6 16. Na4 Kb8 17. Nf3 Rhf8 18. Nd2 e5 19. O-O-O Nxd4 20. Nb6 Qb5 21.
exd4 Qxb6 22. dxe5 dxe5 23. Qg6 Qc7 24. Rhg1 Rc8 25. c3 d4 26. Rg3 dxc3 27.
Rxc3 Qf7 28. Qg3 Rxc3+ 29. bxc3 Qc7 30. Kb2 Rc8 31. Re1 Nd5 32. Qxe5 Nxc3 33.
Nc4 Qxe5 34. Nxe5 Rc7 35. Ng6 Na4+ 36. Kb1 Rf7 37. Re7 Rxe7 38. Nxe7 h5 39. Nf5
g6 40. Nh4 g5 41. Nf3 g4 42. Nh4 Kc7 43. Kc2 Kd6 44. Kd3 Ke5 45. Ke3 b5 46.
Ng6+ Kf5 47. Ne7+ Kg5 48. f4+ gxf3 49. Kxf3 Nb2 50. Nd5 Nc4 51. Nc7 Nxa3 52.
Nxa6 Nc2 53. Nc5 b4 54. Ne4+ Kf5 55. Nd6+ Kg6 56. Kf4 b3 57. Nc4 Nb4 58. Nb2
Nc6 59. Nd1 Na5 60. Nb2 Kf6 61. Kg3 Kg5 62. Kh3 h4 63. Kh2 Kg4 64. Kg2 h3+ 65.
Kh2 Kh4 66. Kh1 Kg3 67. Kg1 Nb7 68. Nd3 Nd6 69. Nb2 Ne4 70. Nd3 b2 0-1

[Event "Weekend Festa della Repubblica A"]
[Site "Milano ITA"]
[Date "2012.06.01"]
[Round "2"]
[White "Marchini, Daniele"]
[Black "Coppola, Federico"]
[Result "1/2-1/2"]
[WhiteElo "1846"]
[BlackElo "1853"]
[PlyCount "59"]
[EventDate "2012.05.31"]

1. d4 Nf6 2. c4 c5 3. d5 e6 4. Nc3 exd5 5. cxd5 d6 6. e4 g6 7. f4 Bg7 8. Nf3
O-O 9. Be2 Re8 10. e5 dxe5 11. fxe5 Ng4 12. e6 fxe6 13. d6 Nd7 14. O-O Nde5 15.
Ne4 Nxf3+ 16. Bxf3 Bd4+ 17. Kh1 Nxh2 18. Bg5 Nxf1 19. Bxd8 Ne3 20. Qe1 Rxd8 21.
Qh4 Rd7 22. Nf6+ Bxf6 23. Qxf6 Rxd6 24. Qf4 Nf5 25. g4 Rd4 26. Qc7 Nh4 27. Rf1
Nxf3 28. Rxf3 Bd7 29. Kh2 e5 30. Qxb7 1/2-1/2

[Event "Weekend Festa della Repubblica A"]
[Site "Milano ITA"]
[Date "2012.06.01"]
[Round "2"]
[White "Mouflih, Caesar Faycal"]
[Black "Guzzetti, Luigi Enrico"]
[Result "1-0"]
[WhiteElo "1982"]
[BlackElo "1965"]
[PlyCount "55"]
[EventDate "2012.05.31"]

1. e4 c5 2. Nf3 e6 3. d4 cxd4 4. Nxd4 a6 5. Be2 Nf6 6. Nc3 Qc7 7. O-O Be7 8.
Be3 Nc6 9. f4 d6 10. Kh1 O-O 11. Qe1 e5 12. Nxc6 bxc6 13. Qg3 Kh8 14. Rf2 Rb8
15. b3 Qa5 16. Bd2 exf4 17. Bxf4 Be6 18. e5 dxe5 19. Bxe5 Rbc8 20. Raf1 Ne8 21.
Ne4 Rg8 22. Bd3 Qd8 23. Rxf7 Bxf7 24. Rxf7 Bf6 25. Qh3 Bxe5 26. Ng5 Nf6 27.
Rxf6 g6 28. Qxh7# 1-0

[Event "Weekend Festa della Repubblica A"]
[Site "Milano ITA"]
[Date "2012.06.01"]
[Round "2"]
[White "Villalba, Fernando"]
[Black "Beccari, Paolo"]
[Result "1-0"]
[WhiteElo "1862"]
[BlackElo "1807"]
[PlyCount "117"]
[EventDate "2012.05.31"]

1. d4 Nf6 2. Nf3 g6 3. Bf4 Bg7 4. e3 O-O 5. h3 d6 6. Be2 Nbd7 7. c3 c5 8. Nbd2
Nb6 9. O-O Bd7 10. a4 Nbd5 11. Bh2 Qb6 12. Nc4 Qd8 13. dxc5 dxc5 14. Nce5 Be6
15. Ng5 Qb6 16. Nc4 Qc6 17. Bf3 Rad8 18. Qc2 Qc8 19. Na3 h6 20. Nxe6 Qxe6 21.
e4 Nb6 22. a5 Nc4 23. Nxc4 Qxc4 24. e5 Nd7 25. Rfe1 Qa6 26. e6 fxe6 27. Qxg6
Rf6 28. Qc2 c4 29. Bg4 Nc5 30. Qe2 Nd3 31. Rf1 Rdf8 32. Bg3 Qb5 33. Bxe6+ Kh8
34. Bg4 Qc5 35. Bf3 Rg6 36. Kh1 Bf6 37. Be4 Rg5 38. Bxd3 cxd3 39. Qxd3 Rd5 40.
Qe4 Bg5 41. b4 Qc6 42. c4 Rd2 43. Qxc6 bxc6 44. b5 cxb5 45. cxb5 Bf6 46. Rab1
Bd4 47. Rbd1 Rxd1 48. Rxd1 e5 49. Rb1 Kg7 50. b6 axb6 51. axb6 Rb8 52. b7 Kf7
53. f4 Ke6 54. fxe5 h5 55. Rb4 h4 56. Bxh4 Bxe5 57. Rb5 Rf8 58. Rxe5+ Kxe5 59.
Bg3+ 1-0

[Event "Weekend Festa della Repubblica A"]
[Site "Milano ITA"]
[Date "2012.06.01"]
[Round "2"]
[White "Virzi, Ettore"]
[Black "D'Avino, Gianfranco"]
[Result "1/2-1/2"]
[WhiteElo "1943"]
[BlackElo "1843"]
[PlyCount "51"]
[EventDate "2012.05.31"]

1. e4 e6 2. d4 d5 3. Nc3 Bb4 4. e5 c5 5. a3 Bxc3+ 6. bxc3 Qa5 7. Bd2 Qa4 8. Nf3
Ne7 9. Bd3 c4 10. Bf1 Nbc6 11. g3 Bd7 12. Bh3 O-O-O 13. O-O h6 14. Qb1 g5 15.
Qb2 Rdg8 16. Bg2 Rg7 17. Rfb1 b6 18. Ne1 Rhg8 19. Qc1 Nf5 20. Qd1 g4 21. Bh1 h5
22. Ng2 Rh8 23. Nf4 h4 24. Bg2 hxg3 25. hxg3 Kb7 26. Rb2 1/2-1/2

[Event "Weekend Festa della Repubblica A"]
[Site "Milano ITA"]
[Date "2012.06.02"]
[Round "3"]
[White "Beccari, Paolo"]
[Black "D'Avino, Luca"]
[Result "1/2-1/2"]
[WhiteElo "1807"]
[BlackElo "1869"]
[PlyCount "64"]
[EventDate "2012.05.31"]

1. e4 c5 2. Nf3 e6 3. d3 Nc6 4. g3 d5 5. Nbd2 Nf6 6. Bg2 b6 7. O-O Qc7 8. Re1
Be7 9. Qe2 Nb4 10. Nf1 dxe4 11. dxe4 Ba6 12. c4 e5 13. a3 Nc6 14. Ne3 O-O 15.
Nd5 Nxd5 16. exd5 Nd4 17. Nxd4 cxd4 18. d6 Bxd6 19. Bxa8 Rxa8 20. b3 Bb7 21. f3
Re8 22. Bb2 Re6 23. Rad1 Bc5 24. Rd3 e4 25. fxe4 Rxe4 26. Qxe4 Bxe4 27. Rxe4 f5
28. Rf4 Qe7 29. Kf2 Bxa3 30. Bxa3 Qxa3 31. Rfxd4 Qb2+ 32. Kg1 h6 1/2-1/2

[Event "Weekend Festa della Repubblica A"]
[Site "Milano ITA"]
[Date "2012.06.02"]
[Round "3"]
[White "Bonazzi, Edoardo"]
[Black "Labarthe, Arnaud"]
[Result "1-0"]
[WhiteElo "2139"]
[BlackElo "1907"]
[PlyCount "103"]
[EventDate "2012.05.31"]

1. c4 e5 2. g3 Nf6 3. Bg2 h6 4. Nc3 Bb4 5. Qc2 Nc6 6. Nf3 Qe7 7. Nd5 Nxd5 8.
cxd5 Nd4 9. Nxd4 exd4 10. Qxc7 O-O 11. Qc4 Re8 12. O-O a5 13. e3 dxe3 14. dxe3
b5 15. Qd3 d6 16. Bd2 Bc5 17. a3 a4 18. Rfc1 Rb8 19. Bb4 Bxb4 20. axb4 Qe5 21.
Qc3 Bb7 22. Qxe5 Rxe5 23. Rc7 g5 24. Rd1 Bc8 25. Rc6 Bg4 26. Rdc1 Rd8 27. Rb6
Be2 28. Rcc6 Ra8 29. Ra6 Ree8 30. Rxd6 Rec8 31. Rdc6 Kf8 32. e4 Rxa6 33. Rxc8+
Ke7 34. Rc3 Bc4 35. f4 gxf4 36. gxf4 Rg6 37. Rg3 Rd6 38. Bh3 Be2 39. Re3 Bc4
40. Kf2 Rf6 41. Rf3 Rb6 42. Ke3 h5 43. Kd4 h4 44. e5 Rg6 45. d6+ Kd8 46. Rf2
Rg1 47. Rg2 Rd1+ 48. Kc5 Be6 49. Bxe6 fxe6 50. f5 Rd5+ 51. Kc6 Ke8 52. fxe6 1-0